LEADER 00789nam a2200229 a 4500 001 991004030929707536 008 035 $ab14426584-39ule_inst 040 $aDip.to di Storia, Società e Studi sull'Uomo$bita 082 04$a3 100 1 $aMao Zedong$0228976 245 13$aLa Démocratie nouvelle /$cMao Tse-Toung 250 $a5. Ed. 260 $aPékin :$bEditions en Langues Etrange?res,$c1968 300 $a?? 650 4$ax 907 $a.b14426584$b25-02-22$c29-11-21 912 $a991004030929707536 945 $aLE023 Fondo Brambilla 724$g1$i2023000207987$lle023$o-$pE0.00$q-$rn$so $t0$u0$v0$w0$x0$y.i15988168$z29-11-21 996 $aDémocratie nouvelle$92780006 997 $aUNISALENTO 998 $ale023$b29-11-21$cm$da $e-$ffre$gcc $h3$i0 LEADER 01810oam 2200481M 450 001 9910716241403321 005 20200213070516.8 035 $a(CKB)5470000002519712 035 $a(OCoLC)1065797456 035 $a(OCoLC)995470000002519712 035 $a(EXLCZ)995470000002519712 100 $a20071213d1926 ua 0 101 0 $aeng 135 $aurcn||||||||| 181 $ctxt$2rdacontent 182 $cc$2rdamedia 183 $acr$2rdacarrier 200 10$aBridge across Coosa River near Fayetteville, Ala. March 6 (calendar day, March 8), 1926. -- Ordered to be printed 210 1$a[Washington, D.C.] :$c[U.S. Government Printing Office],$d1926. 215 $a1 online resource (2 pages) 225 1 $aSenate report / 69th Congress, 1st session. Senate ;$vno. 295 225 1 $a[United States congressional serial set ] ;$v[serial no. 8524] 300 $aBatch processed record: Metadata reviewed, not verified. Some fields updated by batch processes. 300 $aFDLP item number not assigned. 517 $aBridge across Coosa River near Fayetteville, Ala. March 6 606 $aBridge construction industry 606 $aBridges$xDesign and construction 606 $aBridges 606 $aLegislative amendments 608 $aLegislative materials.$2lcgft 615 0$aBridge construction industry. 615 0$aBridges$xDesign and construction. 615 0$aBridges. 615 0$aLegislative amendments. 701 $aBingham$b Hiram$f1875-1956$pRepublican (CT)$0463205 801 0$bWYU 801 1$bWYU 801 2$bOCLCO 801 2$bOCLCQ 906 $aBOOK 912 $a9910716241403321 996 $aBridge across Coosa River near Fayetteville, Ala. March 6 (calendar day, March 8), 1926. -- Ordered to be printed$93526189 997 $aUNINA LEADER 03552oas 2201201 a 450 001 9910145513403321 005 20250911213016.0 011 $a1873-7870 035 $a(DE-599)ZDB2013444-7 035 $a(DE-599)2013444-7 035 $a(OCoLC)38945723 035 $a(CONSER) 2002238921 035 $a(CKB)954925476480 035 $a(EXLCZ)99954925476480 100 $a19980414a19789999 sy 101 0 $aeng 135 $aurcn||||||||| 181 $ctxt$2rdacontent 182 $cc$2rdamedia 183 $acr$2rdacarrier 200 10$aEvaluation and program planning 210 $a[Oxford] ;$a[New York] $cPergamon Press 300 $aRefereed/Peer-reviewed 300 $aAs of viewing (Sept. 19, 2002)--some issue in coverage range not yet available online. 311 08$a0149-7189 606 $aEvaluation research (Social action programs)$vPeriodicals 606 $aHealth planning 606 $aSystem analysis 606 $aEvaluation research (Social action programs)$xPeriodicals 606 $aHealth planning$xPeriodicals 606 $aSystem analysis$vPeriodicals 606 $aEvaluation Studies as Topic 606 $aHealth Planning 606 $aSystems Analysis 606 $aRecherche e?valuative (Programmes d'action sociale)$xPe?riodiques 606 $aSante? publique$xPlanification$xPe?riodiques 606 $aAnalyse de syste?mes$xPe?riodiques 606 $aSante? publique$xPlanification 606 $aAnalyse de syste?mes 606 $asystems analysis$2aat 606 $aSystem analysis$2fast$3(OCoLC)fst01141385 606 $aHealth planning$2fast$3(OCoLC)fst00953159 606 $aEvaluation research (Social action programs)$2fast$3(OCoLC)fst00916979 608 $aPeriodical. 608 $aperiodicals.$2aat 608 $aPeriodicals.$2fast 608 $aPeriodicals.$2lcgft 608 $aPe?riodiques.$2rvmgf 615 0$aEvaluation research (Social action programs) 615 0$aHealth planning. 615 0$aSystem analysis. 615 0$aEvaluation research (Social action programs)$xPeriodicals. 615 0$aHealth planning$xPeriodicals. 615 0$aSystem analysis 615 2$aEvaluation Studies as Topic. 615 2$aHealth Planning. 615 2$aSystems Analysis. 615 6$aRecherche e?valuative (Programmes d'action sociale)$xPe?riodiques. 615 6$aSante? publique$xPlanification$xPe?riodiques. 615 6$aAnalyse de syste?mes$xPe?riodiques. 615 6$aSante? publique$xPlanification. 615 6$aAnalyse de syste?mes. 615 7$asystems analysis. 615 7$aSystem analysis. 615 7$aHealth planning. 615 7$aEvaluation research (Social action programs) 801 0$bOH1 801 1$bOH1 801 2$bOCL 801 2$bOCLCQ 801 2$bIUL 801 2$bOCLCQ 801 2$bU9S 801 2$bUKMGB 801 2$bCUD 801 2$bOCLCQ 801 2$bOCLCO 801 2$bOCLCQ 801 2$bOCLCF 801 2$bOCLCQ 801 2$bUAB 801 2$bZ5A 801 2$bLIP 801 2$bOCLCO 801 2$bOCLCQ 801 2$bNLE 801 2$bBUF 801 2$bEZC 801 2$bU3W 801 2$bWYU 801 2$bAUD 801 2$bVT2 801 2$bCGU 801 2$bNJT 801 2$bOCLCO 801 2$bOCLCQ 801 2$bOCLCO 801 2$bOCLCQ 801 2$bOCL 906 $aJOURNAL 912 $a9910145513403321 996 $aEvaluation and program planning$91897592 997 $aUNINA